00789nam a2200181 a 450000100100000000500170001000800410002704000250006808200160009324501210010926000430023030000270027350400300030059000260033095201140035695201200047099900170059000004855120201002061232.0190329s2015 dr a r 000 0 spa d aDO-SdBNPbspacBNPHU axxxxbR426d00aRepública Dominicana 2015 :bla situación de los Derechos Humanos y el desafío de protegerlos a todos y todas. aSanto Domingo :bCentro Bonó,c2015. a79 p. :bil. ;c26 cm. aBibliografía : p. 78-79 aInventariado, 2019/BT 0010718PDaPDbPDcHDd2019-03-29iLF1l0oxxxx R426dp48551-10r2020-06-25w2020-06-25yLFPDZNo se presta 0010718PDaPDbPDcHDd2019-03-29iLF1l0oxxxx R426dp48551-20r2020-06-25te. 2w2020-06-25yLFPDZNo se presta c48039d48039